000 00253nam a2200121Ia 4500
082 _a615.312
_bP13Z
100 _aZAFAR, R.
245 _aPRACTICAL PHARMACOGNOSY
260 _bCBS- DELHI
300 _a135
650 _aPHARMACOGNOSY
942 _2ddc
_cBK
_02
999 _c7148
_d7148